India’s biofuel revelation: Efficient, sustainable, and glean (Record no. 527955)

000 -LEADER
fixed length control field 01019nam a22001457a 4500
008 - FIXED-LENGTH DATA ELEMENTS--GENERAL INFORMATION
fixed length control field 241011b ||||| |||| 00| 0 eng d
100 ## - MAIN ENTRY--PERSONAL NAME
Personal name Gore, Manish Mohan
245 ## - TITLE STATEMENT
Title India’s biofuel revelation: Efficient, sustainable, and glean
260 ## - PUBLICATION, DISTRIBUTION, ETC. (IMPRINT)
Place of publication, distribution, etc Yojana
300 ## - PHYSICAL DESCRIPTION
Extent 68(10), Oct, 2024: p.49-55
520 ## - SUMMARY, ETC.
Summary, etc India’s reliance on fossil fuels poses environmental and economic challenges, such as high carbon emissions and air pollution, biofuels, derived from organic materials, is consider a renewable energy source and can help mitigate climate change. The CSIR-Indian Institute of Petroleum’s intimation in converting sued cooking oil into befouled is a significant step stripe toward achieving cleaner energy and better waste management in India. This imitative aligns with the Swachh Bharat mission’s objectives of cleanliness, sanitation and waste management, contributing to a healthier and more suitable India. – Reproduced
773 ## - HOST ITEM ENTRY
Main entry heading Yojana
906 ## - LOCAL DATA ELEMENT F, LDF (RLIN)
Subject DIP ENVIRONMENT
942 ## - ADDED ENTRY ELEMENTS (KOHA)
Item type Articles
Holdings
Withdrawn status Lost status Source of classification or shelving scheme Damaged status Not for loan Permanent location Current location Date acquired Serial Enumeration / chronology Barcode Date last seen Koha item type
          Indian Institute of Public Administration Indian Institute of Public Administration 2024-10-11 68(10), Oct, 2024: p.49-55 AR1333385 2024-10-11 Articles

Powered by Koha